| 000 | 02492cpcaa2200469 a 4500 | ||
|---|---|---|---|
| 001 | mm 96083668 | ||
| 003 | DLC | ||
| 005 | 20260227111725.0 | ||
| 007 | cr ||||||||||| | ||
| 008 | 960327|||||||||||| eng | ||
| 010 | _amm 96083668 | ||
| 040 |
_aDLC _edacs _cDLC _dDLC |
||
| 072 | 7 |
_aR _2lcmd |
|
| 100 | 1 |
_aFlannery, John Spalding, _d1870-1954. |
|
| 245 | 0 | 0 |
_aJohn Spalding Flannery papers, _f1902-1953 _g(bulk 1902-1929). |
| 300 |
_a500 _fitems. |
||
| 300 |
_a2 _fcontainers. |
||
| 300 |
_a0.8 _flinear feet. |
||
| 506 | 0 | _aOpen to research. | |
| 520 | 8 | _aChiefly records from McKenney, Flannery & Craighill, the Washington, D.C., law firm in which Flannery was a principal partner. Includes material relating to the firm's representation of American Indian tribes in legal actions against the federal government and legal files pertaining to clients Oliver Wendell Holmes, Charles Evans Hughes, and Wendell W. Mischler (relating to President William H. Taft for whom he was secretary). Correspondents include Helen Herron Taft and William H. Taft. | |
| 544 |
_3Photographs _etransferred to _aLibrary of Congress Prints and Photographs Division. |
||
| 544 |
_3One broadside _etransferred to _aLibrary of Congress Rare Book and Special Collections Division. |
||
| 545 | 0 | _aLawyer. | |
| 546 | _aCollection material in English. | ||
| 555 | 8 |
_aFinding aid available in the Library of Congress Manuscript Reading Room and at _uhttp://hdl.loc.gov/loc.mss/eadmss.ms009292 |
|
| 600 | 1 | 0 |
_aHolmes, Oliver Wendell, _d1841-1935. |
| 600 | 1 | 0 |
_aHughes, Charles Evans, _d1862-1948. |
| 600 | 1 | 0 |
_aMischler, Wendell W., _d1870- |
| 600 | 1 | 0 |
_aTaft, Helen Herron, _d1861-1943 _vCorrespondence. |
| 600 | 1 | 0 |
_aTaft, William H. _q(William Howard), _d1857-1930 _vCorrespondence. |
| 650 | 0 |
_aIndians of North America _xClaims. |
|
| 650 | 0 |
_aIndians of North America _xLegal status, laws, etc. |
|
| 650 | 0 |
_aLaw firms _zWashington (D.C.) |
|
| 650 | 0 | _aLegal assistance to Indians. | |
| 650 | 0 |
_aPractice of law _zWashington (D.C.) |
|
| 656 | 7 |
_aLawyers. _2itoamc |
|
| 710 | 1 |
_aMcKenney, Flannery & Craighill. _tMcKenney, Flannery & Craighill records. |
|
| 856 | 4 |
_3Finding aid _uhttp://hdl.loc.gov/loc.mss/eadmss.ms009292 |
|
| 856 | 4 |
_3Finding aid (PDF) _uhttp://hdl.loc.gov/loc.mss/eadmss.ms009292.3 |
|
| 999 |
_c44373 _d44373 |
||